| 000 | 00615nam a22001577a 4500 | ||
|---|---|---|---|
| 008 | 090817s1967 enk||||| |||| 10| 0 eng d | ||
| 082 |
_222 _a681.76041 _bPRE |
||
| 245 |
_aConference on Prestressed Concrete Pressure Vessels/ _cMarilyn S. Udall |
||
| 260 |
_aLondon: _bThe Institution of Civil Engineers, _c1968 |
||
| 300 |
_a752p. : _bill. ; _c30cm. |
||
| 650 | _98476 | ||
| 650 |
_98481 _aPrestressed concrete |
||
| 650 |
_98482 _aConcrete Vessels |
||
| 942 |
_2ddc _cBB |
||
| 999 |
_c12604 _d12604 |
||